MDQL
is popping MORE tags! Check the
thread
!
Quizzes
Events
Quiz Creation
Community
Videos
Private Events
Remove Ads
Sign In
Join for FREE
Feedback
Dark Mode
Quiz Categories
Sports
Geography
Music
Movies
Television
Just For Fun
Miscellaneous
History
Literature
Language
Science
Gaming
Entertainment
Religion
Holiday
For Kids
Quiz Lab
Recent
Popular Today
Quiz Kudos Today
Editor Picks
Curator Picks
Quizzes by...
Day
Popularity
Type
Ratings
Length
Year
Community
Subscriptions
Recent Discussions
Orange Saloon
Badges
Playlists
Quests
Create
Leaderboards
Showdown
Live 5
Trivia Bingo
Activity
Puzzle Library
Sporcle Events
Private Events
Virtual Trivia
Globe League
Become a Host
Pub Owners
SporcleCon
Opinionation
Our Games
Videos
Blog
Mobile Apps
Partnerships
Remove Ads and Go Orange
Feedback
Sports
Athletes
MLB
NBA
NHL
NFL
Soccer
Sports Teams
WWE
NCAA
Football
Premier League
Basketball
Baseball
Hockey
Golf
Tennis
Cricket
Rugby
Auto Racing
Olympics
World Cup
Sports
Athletes
MLB
NBA
NHL
NFL
Soccer
Sports Teams
WWE
NCAA
Football
Premier League
Basketball
Baseball
Hockey
Golf
Tennis
Cricket
Rugby
Auto Racing
Olympics
World Cup
Random Quiz
Search Sporcle
×
Quiz Lab
Quiz Lab
Sports
NBA
Select answers by clicking on text or image buttons
Select answers by clicking on text or image buttons
Clickable
Best Score? Go Orange.
NBA Chain Quiz Stats
Can You Pick The Answer Based On The Previous Question? Made For KOT4Q
By
Hoops4life
10m
51 Questions
217 Plays
217 Plays
217 Plays
Comments
Comments
Give Quiz Kudos
Give Quiz Kudos
-
- Ratings
hide this ad
More Info
Forced Order
Answers have to be entered in order
Answers have to be entered in order
Random Order
Randomize order of answers
Randomize order of answers
Replay
Link that replays current quiz
Next Quiz
Link to next quiz in quiz playlist
You Got
0%
They Got
Avg Score
50%
Avg Friend Score
Upgrade to see
Score Distribution
Jump to the score distribution portion of the page
Score
0/51
Timer
10:00
0
Plays Today
% Correct
NBA
98.2%
Stephen Curry
95.4%
2
92.6%
Wardell
86.6%
Tim Duncan
77.4%
San Antonio Spurs
74.7%
Kawhi Leonard
70.5%
Wake Forest
70%
Patrick Beverley
67.3%
Russell Westbrook
67.3%
Golden State Warriors
65.9%
James Harden
64.1%
Houston Rockets
63.1%
Oklahoma City Thunder
61.8%
Chris Paul
61.3%
Golden State Warriors
60.4%
0
58.1%
6
57.1%
Michael Jordan
50.7%
Seattle Supersonics
50.2%
March 24th
45.2%
1995
44.7%
KOT4Q
44.7%
Toronto Raptors
43.3%
Isaiah Thomas
43.3%
Cameron Payne
42.9%
% Correct
Chicago Bulls
42.9%
July 4th
42.9%
Lavar Ball
42.4%
New Zealand
41.9%
Devin Booker
41.5%
Paul George
41.5%
Klay Thompson
41.5%
Lonzo Ball
41%
Boston Celtics
40.6%
Kevin Durant
40.1%
Magic
40.1%
Steven Adams
39.2%
Washington State
39.2%
Joe Smith
38.7%
Enes Kanter
38.7%
1969
37.8%
Michigan State
37.8%
Boston Celtics
37.3%
Earvin Johnson
35.9%
Los Angeles
35.9%
Draymond Green
32.7%
Gordon Hayward
29%
Los Angeles Lakers
27.6%
Wes Unseld
24.4%
The Lakers
17.5%
Quiz Playlist
Details
Report
Send in Message
Add To Playlist
More Info:
I hope you enjoy my quiz.
Clickable:
Select answers by clicking on text or image buttons
Forced Order:
Answers have to be entered in order
Random Order:
Randomize order of answers
Last Updated: Jul 6, 2017
Quiz Scoreboard
CHALLENGE
Sign Up to Join the Scoreboard
Show All
Scores
Hide
Comments
May contain spoilers
Recently Published
Image Sorting: Flags VI
by Barbecue
Geography
2m
Find the 'City' Movie
by crazypaving
Movies
60s
Colored Red Africa Blitz
by spor1
Geography
45s
More to Explore
Quiz From the Vault
Featured Blog Post
14 Easter Pick-up Lines to Find Eggs With
hide this ad
You Might Also Like...
Tags
NBA Quiz
Chain Game
KOT4Q
Mike Korzemba
NBA All-Star
NBA Draft
NBA MVP
NBA Player
NBA Teams
Player
Today's Top Quizzes in Sports
Browse Sports
hide this ad
Today's Top Quizzes in NBA
Browse NBA
Top Contributed Quizzes in Sports
1
Les meilleurs buteurs des matchs entre le PSG et l’OM
2
Les entraîneurs de l'OM et du PSG au 21e siècle
3
Les joueurs passés par le PSG et l'OM
4
2022 World Cup Stars
5
Players with Multiple 50 Home Run Seasons
6
Criteria MLB: Left Handed Sluggers
7
Les joueurs passés par le LOSC et le RC Lens
8
NBA Logic Puzzle 2.0
9
MLB Players with Two .350 Batting Average Seasons
10
FIFA Club World Cup Champions
Explore More
Trending Topics
Anime
Crossword
Marvel
Harry Potter
Kpop
NBA
Disney
NFL
WWE
Country
Song
Soccer
The Office
Pokémon
Puzzle
hide this ad
More By:
Hoops4life
Quiz
Plays
Rating
Category
Featured
Created
American Girl Girl of the Year Dolls
1,158
5.00
Just For Fun
Jan 18, 2014
Pretty Little Liars Characters by Actor
286
5.00
Television
Jan 7, 2014
NFL Top 25 Players
233
1.50
Sports
Jul 19, 2016
Can You Name Sports Team Names with a Color in Them?
227
3.29
Sports
Jan 7, 2014
NBA Chain Quiz
217
3.00
Sports
Jul 6, 2017
Go to Creator's Profile
Score Distribution
Quiz Creator Spotlight
Hoops4life
Follow
Send a Message
Quizzes Created
-
Created Quiz Play Count
-
More By This Creator
Popular Quizzes Today
1
Colored Red Africa Blitz
2
Find the US States - No Outlines Minefield
3
Find the 'City' Movie
4
5x2 Blitz: Bands
5
The Countries of the World
6
Find the US States
7
Find the Countries of Europe - No Outlines Minefield
8
US States
More Sports Quizzes
Brazil 2018 FIFA World Cup Qualification Starting XIs
Quiz Lab
Trending Quizzes
Colored Red Europe Blitz I
Colored Red Europe Blitz II
Colored Red Africa Blitz II
Colored Red Europe Blitz III
Colored Red Africa Blitz III
Recently Updated
How Do You Spell That?
pecheneg
Godzilla Movies
pecheneg
Grab Bag: 4-10 Letters
pecheneg
2024 March Madness Bracket
pecheneg
Famous TV Couples
Peacemaker
Champions League XIs: Real Madrid
pecheneg
Largest US Cities 1790-2010
pecheneg
Rides in Walt Disney World
pecheneg
Most Oscar Losses (Acting)
pecheneg
Beyoncé Albums
pecheneg
Trending Topics
Harry Potter
Disney
Kpop
NBA
Anime
Crossword
Marvel
Soccer
Pokémon
Song
Country
Puzzle
The Office
WWE
NFL
Your Account Isn't Verified!
In order to create a playlist on Sporcle, you need to verify the email address you used during registration. Go to your
Sporcle Settings
to finish the process.
Report this User
Report this user for behavior that violates our
Community Guidelines
.
Details:
Send Report
Go to the Sporcle.com Mobile Site →
Comments